[Event "Taastrup Winter op 3rd"]
[Site "Taastrup"]
[Date "2018.01.25"]
[Round "7"]
[White "Pedersen, Ole1111"]
[Black "Hansen, Anders Peter"]
[Result "1-0"]
[WhiteElo "1473"]
[BlackElo "1272"]
[PlyCount "71"]
[EventDate "2017.11.09"]
[EventType "swiss"]
[EventRounds "9"]
[EventCountry "DEN"]
[SourceTitle "EXT 2021"]
[Source "ChessBase"]
[SourceDate "2020.10.23"]
[SourceVersion "1"]
[SourceVersionDate "2020.10.23"]
[SourceQuality "1"]

1. c4 e5 2. Nc3 Nf6 3. g3 Nc6 4. Bg2 Bc5 5. e3 d6 6. Nge2 Bf5 7. d4 exd4 8. exd4 Bb4 9. 0-0 h6 10. a3 Bxc3 11. Nxc3 0-0 12. b4 Qd7 13. Nd5 Nxd5 14. Bxd5 Rab8 15. Bb2 Ne7 16. Bg2 Bh3 17. d5 Bxg2 18. Kxg2 c6 19. Qd4 f6 20. Kg1 cxd5 21. cxd5 b5 22. Rfe1 Rbc8 23. Rac1 Qb7 24. Rxc8 Rxc8 25. Qg4 Nxd5 26. Qe6+ Kh8 27. Qxd6 a6 28. Rd1 Nb6 29. Qe6 Nc4 30. Rd7 Rc7 31. Rd8+ Kh7 32. Qf5+ g6 33. Qxf6 Rg7 34. Qf8 Qg2+ 35. Kxg2 Nxb2 36. Qh8# 1-0